Конструирование и дизайн электрической аромалампы; Современные проблемы машиностроения

Podrobná bibliografie
Parent link:Современные проблемы машиностроения.— 2024.— С. 435-438
Hlavní autor: Буберев Г. В.
Korporativní autor: Национальный исследовательский Томский политехнический университет
Další autoři: Кухта М. С. Мария Сергеевна
Shrnutí:Проведен поиск и анализ известных аналогов, на их основе, при учете их достоинств и недостатков, был создан прототип. В представленных вариантах описана компоновка, предпочтительный для конструкции и дизайна материал, принцип работы аромалампы. Предложено несколько окончательных версий проекта.
Текстовый файл
Jazyk:ruština
Vydáno: 2024
Edice:Дизайн и проектирование в машиностроении
Témata:
On-line přístup:http://earchive.tpu.ru/handle/11683/77369
Médium: Elektronický zdroj Kapitola
KOHA link:https://koha.lib.tpu.ru/cgi-bin/koha/opac-detail.pl?biblionumber=670606

MARC

LEADER 00000naa2a2200000 4500
001 670606
005 20240212134235.0
090 |a 670606 
100 |a 20240208d2024 k||y0rusy50 ca 
101 0 |a rus 
102 |a RU 
135 |a drbn ---uucaa 
200 1 |a Конструирование и дизайн электрической аромалампы  |f Г. В. Буберев, М. С. Кухта  |g Национальный исследовательский Томский политехнический университет 
225 |a Дизайн и проектирование в машиностроении 
283 |2 RDAcarrier 
320 |a Список использованных источников: с. 438 
330 |a Проведен поиск и анализ известных аналогов, на их основе, при учете их достоинств и недостатков, был создан прототип. В представленных вариантах описана компоновка, предпочтительный для конструкции и дизайна материал, принцип работы аромалампы. Предложено несколько окончательных версий проекта.  
336 |a Текстовый файл 
463 1 |0 670362  |9 670362  |c Томск  |d 2024  |n Изд-во ТПУ  |p 1 файл (28,2 Мб, 567 с.)  |t Современные проблемы машиностроения  |a Сечин, А. И. (специалист в области экологии и безопасности жизнедеятельности ; 1950-)  |u conference_tpu-2023-C45.pdf  |o сборник статей XVI Международной научно-технической конференции, г. Томск, 27 ноября – 1 декабря 2023 г.   |v С. 435-438  |f Национальный исследовательский Томский политехнический университет (ТПУ) ; ред кол. А. И. Сечин, М. С. Кухта, А. А. Моховиков [и др.] 
610 1 |a труды учёных ТПУ 
610 1 |a электронный ресурс 
610 1 |a аромалампы 
610 1 |a проектирование 
610 1 |a дизайн 
610 1 |a концепция 
610 1 |a эргономика 
700 1 |a Буберев  |b Г. В. 
701 1 |a Кухта  |b М. С.  |c специалист в области промышленного дизайна  |c профессор Томского политехнического университета, доктор философских наук  |f 1963-  |g Мария Сергеевна  |9 13457 
712 0 2 |a Национальный исследовательский Томский политехнический университет  |c (2009- )  |9 26305 
801 0 |a RU  |b 63413507  |c 20240208 
850 |a 63413507 
856 |u http://earchive.tpu.ru/handle/11683/77369  |z http://earchive.tpu.ru/handle/11683/77369 
942 |c CF